'B' Antonyms Quiz Stats

 Plays Quiz Updated Mar 6, 2013

Also try: 'A' Antonyms
Challenge
Share
Tweet
Score 0/30 Timer 05:00
0 Plays Today
% Correct
Before
98.4%
Boy
98.4%
Back
98.3%
Beautiful
98.2%
Begin
97.9%
Birth
97.7%
Better
97.3%
Bitter
96.9%
Brave
96.7%
Ban
96.1%
Blind
95.1%
Broad
94.8%
Both
93.7%
Blunt
92.2%
Bind
92.2%
% Correct
Brainiac
87.9%
Baffled
86.9%
Barbarous
85.1%
Benevolent
83.6%
Bumpkin
77%
Blanch
63.8%
Besmirch
56.9%
Bifurcate
51%
Banal
48.3%
Bilabiate
41.4%
Biovular
41.2%
Barbate
36.2%
Blatherskite
30.4%
Brabble
19.3%
Baccate
17.7%

You're not logged in!

Compare scores with friends on all Sporcle quizzes.
OR
Log In

You Might Also Like...

Show Comments

Extras

Top Quizzes Today


Score Distribution

Your Account Isn't Verified!

In order to create a playlist on Sporcle, you need to verify the email address you used during registration. Go to your Sporcle Settings to finish the process.

Report this User

Report this user for behavior that violates our Community Guidelines.

Details: